Normal view
MARC view
- Social problems- Poverty
Entry Topical Term
001 - CONTROL NUMBER
- control field: 6823
003 - CONTROL NUMBER IDENTIFIER
- control field: NUST
005 - DATE AND TIME OF LATEST TRANSACTION
- control field: 20171128114153.0
008 - FIXED-LENGTH DATA ELEMENTS
- fixed length control field: 171128|| aca||aabn | a|a d
040 ## - CATALOGING SOURCE
- Original cataloging agency: NUST
- Transcribing agency: NUST
150 ## - HEADING--TOPICAL TERM
- Topical term or geographic name entry element: Social problems- Poverty
670 ## - SOURCE DATA FOUND
- Source citation: Work cat.: (NUST): Hashim, Zeshaan 6822, Ghurbat aur ghulami:, 2017
